000 00621nam a22002057a 4500
005 20251108173013.0
008 250721s2004 xx 000 0 ara d
082 1 4 _a612.63/عنا
100 1 _aمحمود، عكاشة عبد المنان
245 1 0 _aالعناية بالأم و الطفل /
264 1 _aعمان :
_bالأخوة للنشرو التاوزيع،
_c2004.
300 _a184 ص.
650 1 7 _aرعاية الحوامل
650 1 7 _aالمرأة الحامل
650 1 7 _aالحمل
650 1 7 _aالأطفال
650 1 7 _aرعاية الطفولة
942 _2ddc
_cBK
999 _c93800
_d93800